| 000 | 00531nam a2200181 4500 | ||
|---|---|---|---|
| 001 | 132994 | ||
| 003 | ES-MaACL | ||
| 007 | t| | ||
| 008 | 070214s1967 mx r ||||1| spa d | ||
| 100 | 1 |
_aRoss, Guillermo A. _999811 |
|
| 245 | 1 | 0 |
_aEvangelio de Marcos / _cGuillermo A. Ross. |
| 260 |
_aMéxico : _bEl Faro, _c1967. |
||
| 300 |
_a216 p. ; _c21 cm. |
||
| 490 | 1 | _aEstudios en las sagradas escrituras | |
| 830 | 0 |
_aEstudios en las sagradas escrituras _9186920 |
|
| 852 |
_aES-MaACL _jE-9528 _bR.93642 |
||
| 999 |
_c132994 _d132994 |
||